[Event "CZE-chT 0910"]
[Site "Czech Republic"]
[Date "2009.12.05"]
[Round "3.2"]
[White "Dydyshko, Viacheslav"]
[Black "Stefansson, Hannes"]
[Result "1/2-1/2"]
[WhiteElo "2585"]
[BlackElo "2574"]
[PlyCount "31"]
[EventDate "2009.11.07"]
[EventType "team-tourn"]
[EventRounds "11"]
[EventCountry "CZE"]
[SourceTitle "CBM 133 Extra"]
[Source "ChessBase"]
[SourceDate "2010.01.05"]
[SourceVersion "1"]
[SourceVersionDate "2010.01.05"]
[SourceQuality "1"]
[WhiteTeam "Frydek Mistek"]
[BlackTeam "Praha Mahrla"]
[WhiteTeamCountry "CZE"]
[BlackTeamCountry "CZE"]

1. d4 Nf6 2. c4 e6 3. Nf3 d5 4. Nc3 c6 5. Bg5 Nbd7 6. cxd5 exd5 7. e3 Be7 8. Bd3 0-0 9. Qc2 Re8 10. 0-0 Nf8 11. h3 g6 12. Bxf6 Bxf6 13. b4 a6 14. a4 Ne6 15. Qb3 Bg7 16. Rfd1 1/2-1/2

[Event "CZE-chT 0910"]
[Site "Czech Republic"]
[Date "2009.11.08"]
[Round "2.2"]
[White "Dydyshko, Viacheslav"]
[Black "Votava, Jan"]
[Result "1/2-1/2"]
[WhiteElo "2585"]
[BlackElo "2561"]
[PlyCount "120"]
[EventDate "2009.11.07"]
[EventType "team-tourn"]
[EventRounds "11"]
[EventCountry "CZE"]
[SourceTitle "CBM 133 Extra"]
[Source "ChessBase"]
[SourceDate "2010.01.05"]
[SourceVersion "1"]
[SourceVersionDate "2010.01.05"]
[SourceQuality "1"]
[WhiteTeam "Frydek Mistek"]
[BlackTeam "Pardubice"]
[WhiteTeamCountry "CZE"]
[BlackTeamCountry "CZE"]

1. d4 d5 2. c4 c6 3. Nf3 Nf6 4. e3 Bg4 5. h3 Bxf3 6. Qxf3 e6 7. Nc3 Nbd7 8. Bd3 Bd6 9. 0-0 0-0 10. Qd1 a6 11. a3 Qe7 12. e4 dxe4 13. Nxe4 Nxe4 14. Bxe4 Rfd8 15. Qb3 Rab8 16. Re1 Qh4 17. Bd2 Nf6 18. Qf3 Bc7 19. Bc3 Qf4 20. Qxf4 Bxf4 21. Bf3 b5 22. g3 Bh6 23. Bxc6 bxc4 24. Re5 Nd5 25. Bxd5 Rxd5 26. Rxd5 exd5 27. Re1 f6 28. Re6 Bc1 29. Rxa6 Bxb2 30. Bxb2 Rxb2 31. Ra5 c3 32. Kg2 c2 33. Rc5 Ra2 34. a4 Rxa4 35. Rxc2 Rxd4 36. Rc8+ Kf7 37. Rc7+ Kg6 38. Rd7 h5 39. h4 Kh6 40. Rd6 Kg6 41. Rd7 f5 42. Kf3 Kf6 43. Ke3 Re4+ 44. Kd3 Re5 45. Rd6+ Ke7 46. Rg6 Kf7 47. Rd6 g6 48. f4 Re1 49. Kd4 Rg1 50. Rxd5 Rxg3 51. Rd7+ Ke6 52. Ra7 Rh3 53. Ra6+ Kf7 54. Ra7+ Kf6 55. Ra6+ Kg7 56. Ra7+ Kh6 57. Ke5 Rxh4 58. Kf6 Rxf4 59. Ra8 Kh7 60. Ra7+ Kh6 1/2-1/2

[Event "CZE-chT 0910"]
[Site "Czech Republic"]
[Date "2009.11.07"]
[Round "1.2"]
[White "Kanovsky, David"]
[Black "Dydyshko, Viacheslav"]
[Result "1/2-1/2"]
[WhiteElo "2471"]
[BlackElo "2585"]
[PlyCount "103"]
[EventDate "2009.11.07"]
[EventType "team-tourn"]
[EventRounds "11"]
[EventCountry "CZE"]
[SourceTitle "CBM 133 Extra"]
[Source "ChessBase"]
[SourceDate "2010.01.05"]
[SourceVersion "1"]
[SourceVersionDate "2010.01.05"]
[SourceQuality "1"]
[WhiteTeam "Polabiny"]
[BlackTeam "Frydek Mistek"]
[WhiteTeamCountry "CZE"]
[BlackTeamCountry "CZE"]

1. e4 c5 2. Nf3 d6 3. d4 cxd4 4. Nxd4 Nf6 5. Nc3 a6 6. Bg5 Nbd7 7. Qd2 h6 8. Bxf6 Nxf6 9. 0-0-0 e6 10. Bc4 Be7 11. Rhe1 0-0 12. Bb3 Qc7 13. f4 b5 14. Kb1 b4 15. Na4 Rb8 16. g4 d5 17. exd5 Nxd5 18. f5 Bg5 19. Qf2 Kh8 20. fxe6 Bxe6 21. h4 Be3 22. Rxe3 Nxe3 23. Qxe3 Bxg4 24. Rg1 h5 25. Qf2 Rbd8 26. c3 bxc3 27. bxc3 Rd6 28. Re1 Rf6 29. Qe3 Bd7 30. Qe5 Qxe5 31. Rxe5 Bg4 32. Nc5 Rf1+ 33. Kb2 Rh1 34. Ne4 f6 35. Re7 Rxh4 36. Nd6 Rh2+ 37. Ka3 Rf2 38. Nf7+ Kh7 39. Bc2+ f5 40. Nd6 h4 41. Bb3 Rd8 42. Ne8 Kh6 43. Ne6 Rc8 44. Nd6 Rxc3 45. Rxg7 Bh5 46. Rg8 h3 47. Rh8+ Kg6 48. Nf8+ Kg5 49. Nh7+ Kg6 50. Nf8+ Kg5 51. Nh7+ Kg6 52. Nf8+ 1/2-1/2

[Event "SVK-chT 0910"]
[Site "Slovakia"]
[Date "2009.10.24"]
[Round "1"]
[White "Stohl, Igor"]
[Black "Dydyshko, Viacheslav"]
[Result "1/2-1/2"]
[WhiteElo "2543"]
[BlackElo "2585"]
[PlyCount "25"]
[EventDate "2009.10.24"]
[EventType "team-tourn"]
[EventRounds "11"]
[EventCountry "SVK"]
[SourceTitle "EXT 2019"]
[Source "ChessBase"]
[SourceDate "2018.10.10"]
[SourceVersion "1"]
[SourceVersionDate "2018.10.10"]
[SourceQuality "1"]
[WhiteTeam "Prievidza"]
[BlackTeam "Cadca"]
[WhiteTeamCountry "SVK"]
[BlackTeamCountry "SVK"]

1. Nf3 Nf6 2. c4 g6 3. Nc3 Bg7 4. e4 d6 5. d4 0-0 6. Be2 e5 7. 0-0 Na6 8. Re1 c6 9. Rb1 exd4 10. Nxd4 Re8 11. Bf1 Ng4 12. h3 Qb6 13. hxg4 1/2-1/2